Normal view
MARC view
Entry Uniform Title
001 - CONTROL NUMBER
- control field: 34411
003 - CONTROL NUMBER IDENTIFIER
- control field: dpl
005 - DATE AND TIME OF LATEST TRANSACTION
- control field: 20110905164813.0
008 - FIXED-LENGTH DATA ELEMENTS
- fixed length control field: 110905|||a|||||| | ||| d
040 ## - CATALOGING SOURCE
- Original cataloging agency: dpl
- Transcribing agency: dpl
130 ## - HEADING--UNIFORM TITLE
- Uniform title: Topics in molecular and structural biology
670 ## - SOURCE DATA FOUND
- Source citation: Work cat.: (dpl)26516: Solomon, K. Anand 34410, Molecular modelling and drug design /, 2008
670 ## - SOURCE DATA FOUND
- Source citation: Work cat.: (dpl)26516: Solomon, K. Anand 34410, Molecular modelling and drug design /, 2008
